A kind of hush (Record no. 77685)

MARC details
000 -LEADER
fixed length control field 01200cab a2200205 4500
001 - CONTROL NUMBER
control field ##L134870
008 - FIXED-LENGTH DATA ELEMENTS--GENERAL INFORMATION
fixed length control field 060907n2006 000 0 eng u
035 ## - SYSTEM CONTROL NUMBER
System control number (Sirsi) u134870
041 0# - LANGUAGE CODE
Language code of text/sound track or separate title eng
100 1# - MAIN ENTRY--PERSONAL NAME
Personal name Kucharek, Jan-Carlos
245 02 - TITLE STATEMENT
Title A kind of hush
260 ## - PUBLICATION, DISTRIBUTION, ETC.
Date of publication, distribution, etc. 2006
490 #0 - SERIES STATEMENT
Series statement RIBA Journal
Volume/sequential designation 113(9) September 2006, 67-70(3)
520 ## - SUMMARY, ETC.
Summary, etc. Examines the issue of timber floor acoustics as many house builders are being lured back to the use of timber in affordable, sustainable high-density housing. Discusses the timber floor robust details alternative to pre-completion testing in respect of new build but these do not apply to refurbishment or where an architectural practice proposes its own design. Concludes that timber is able to perform acoustically and sustainability credits will be given for its use in the forthcoming Code for Sustainable Homes. Presents case studies of the Bethnal Green Museum of Childhood and Chimney Pot Park, Salford.
590 ## - LOCAL NOTE (RLIN)
Local note IKA190906
650 24 - SUBJECT ADDED ENTRY--TOPICAL TERM
Topical term or geographic name entry element BUILDING REGULATIONS 2000 APPROVED DOCUMENT E (2003 EDITION)
651 #4 - SUBJECT ADDED ENTRY--GEOGRAPHIC NAME
Geographic name United Kingdom
Chronological subdivision
690 ## - LOCAL SUBJECT ADDED ENTRY--TOPICAL TERM (OCLC, RLIN)
Topical term or geographic name as entry element BUILT ENVIRONMENT-BUILDING ELEMENTS-COMPLETE BUILDING ELEMENTS-FLOORS
942 ## - ADDED ENTRY ELEMENTS (KOHA)
Suppress in OPAC 0
Holdings
Withdrawn status Lost status Source of classification or shelving scheme Damaged status Not for loan Home library Current library Shelving location Date acquired Total Checkouts Full call number Barcode Date last seen Copy number Price effective from Koha item type
    Dewey Decimal Classification     London London Journal article 07/09/2006   L134870 L134870 06/08/2019 1 06/08/2019 Journal article